<?xml version="1.0" encoding="UTF-8"?>
<record
    xmlns:xsi="http://www.w3.org/2001/XMLSchema-instance"
    xsi:schemaLocation="http://www.loc.gov/MARC21/slim http://www.loc.gov/standards/marcxml/schema/MARC21slim.xsd"
    xmlns="http://www.loc.gov/MARC21/slim">

  <leader>01438pab a2200169 454500</leader>
  <controlfield tag="008">180718b1997   xxu||||| |||| 00| 0 eng d</controlfield>
  <datafield tag="100" ind1=" " ind2=" ">
    <subfield code="a">Toshiyuki Masujima</subfield>
  </datafield>
  <datafield tag="245" ind1=" " ind2=" ">
    <subfield code="a">Controlling the size of the Japanese public service</subfield>
  </datafield>
  <datafield tag="260" ind1=" " ind2=" ">
    <subfield code="c">1997</subfield>
  </datafield>
  <datafield tag="300" ind1=" " ind2=" ">
    <subfield code="a">p.247-50</subfield>
  </datafield>
  <datafield tag="362" ind1=" " ind2=" ">
    <subfield code="a">Jun</subfield>
  </datafield>
  <datafield tag="520" ind1=" " ind2=" ">
    <subfield code="a">The total number of public employees in Japan is 4,992,009; of this number, 1,161,979 are employed by the national government, 3,282,492 by local governments and 547,538 by government corporations. Strictly speaking, employees of government corporations are not included as part of public-sector employment. As of 1991, there were 40 public employees for every 1000 members of the population, compared to 120 in France, 81 in the United States and 80 in the United Kingdom. At the national level, the public service is composed of non-industrial employees (534,368); industrial employees, e.g. postal services, forest services, printing and mint (322,836); self-defence forces (273,801); and employees of the Diet, Courts etc. (30,974). This report focuses primarily on the first two categories (a total of 857,204 employees) which make up the staff of the ministries and agencies under the Cabinet and are subject to the control of the Management and Coordination Agency (MCA). - Reproduced</subfield>
  </datafield>
  <datafield tag="650" ind1=" " ind2=" ">
    <subfield code="a">Civil service - Japan</subfield>
  </datafield>
  <datafield tag="650" ind1=" " ind2=" ">
    <subfield code="a">Civil service</subfield>
  </datafield>
  <datafield tag="773" ind1=" " ind2=" ">
    <subfield code="a">International Review of Administrative Sciences</subfield>
  </datafield>
  <datafield tag="909" ind1=" " ind2=" ">
    <subfield code="a">35975</subfield>
  </datafield>
  <datafield tag="999" ind1=" " ind2=" ">
    <subfield code="c">35975</subfield>
    <subfield code="d">35975</subfield>
  </datafield>
  <datafield tag="952" ind1=" " ind2=" ">
    <subfield code="0">0</subfield>
    <subfield code="1">0</subfield>
    <subfield code="4">0</subfield>
    <subfield code="7">0</subfield>
    <subfield code="a">IIPA</subfield>
    <subfield code="b">IIPA</subfield>
    <subfield code="d">2018-07-19</subfield>
    <subfield code="h">Volume no: 63, Issue no: 2</subfield>
    <subfield code="p">AR36240</subfield>
    <subfield code="r">2018-07-19</subfield>
    <subfield code="w">2018-07-19</subfield>
    <subfield code="y">AR</subfield>
  </datafield>
</record>
